000 00415nam a22001337a 4500
020 _a9780415633819
_c`
082 _a346.4202
100 _aDevenney, James; Johnson, Howard,
245 _aContract, tort and restitution statutes : 2011-2012
_cDevenney, James; Johnson, Howard,
260 _aLondon
_bRoutledge
_c2014
300 _a491p
942 _2ddc
_cBK
999 _c586598
_d586598